آجکل اور پریم چند / (Record no. 172096)

MARC details
000 -LEADER
fixed length control field 00597nam a22001817a 4500
005 - DATE AND TIME OF LATEST TRANSACTION
control field 20200127163103.0
010 ## - LCCN (DPL NO)
LC control number B-210616
020 ## - INTERNATIONAL STANDARD BOOK NUMBER
International Standard Book Number 8123013868
Terms of availability 210.00
035 ## - SYSTEM CONTROL NUMBER
System control number B-210616
037 ## - SOURCE OF ACQUISITION
Source of stock number/acquisition BPPD/Pub.
082 ## - DEWEY DECIMAL CLASSIFICATION NUMBER
Classification number 843.08
245 ## - TITLE STATEMENT
Title آجکل اور پریم چند /
Statement of responsibility, etc مرتب - ابرار رحمانی
246 ## - VARYING FORM OF TITLE
Title proper/short title Ajkal Aur Premchand (Urdu) /
Remainder of title edited by Ibrar Rehmani
260 ## - PUBLICATION, DISTRIBUTION, ETC. (IMPRINT)
Place of publication, distribution, etc Delhi
Name of publisher, distributor, etc Publications Division
Date of publication, distribution, etc 2006 ء
270 ## - ADDRESS
Address Soochna Bhawan, C.G.O. Complex
City New Delhi
Postal code 110003
300 ## - PHYSICAL DESCRIPTION
Extent 238p.
Dimensions 21cm(pbk)
942 ## - ADDED ENTRY ELEMENTS (KOHA)
Source of classification or shelving scheme Dewey Decimal Classification
Item type Urdu Bks
Classification part 843.08
Call number suffix پ ر ے
Holdings
Withdrawn status Lost status Not for loan Collection code Home library Current library Date acquired Source of acquisition Cost, normal purchase price Full call number Barcode Copy number Cost, replacement price Koha item type
      Non-fiction Central Library Central Library 27/01/2020 BPPD/Ven. 210.00 843.08 پ ر ے B-210616 1 210.00 Urdu Bks

© Delhi Public Library
Hit Counter
free hit counter